Lógica, biología y sociología médicas /

Guardado en:
書目詳細資料
主要作者: Samaja, Juan Alfonso
格式: Texto
標簽: 添加標簽
沒有標簽, 成為第一個標記此記錄!

MARC

LEADER 00000 a a2200000 04500
001 14345
003
040
100 |a Samaja, Juan Alfonso  
245 |a Lógica, biología y sociología médicas /  |c Juan Alfonso Samaja 
773 |g número 10; páginas 37-75  
999 |c 21369  |d 21369